000
00210 a2200097 4500
001
13365
100
_a
King hall S
245
_a
The comunist conspriacy
260
_a
London
_b
Constable
_c
090
_c
10381
_d
10381
942
_a
NUST-CAE
_c
M
_c
427
999
_c
248438
_d
248438